| 000 | 00830nam a2200229 i 4500 | ||
|---|---|---|---|
| 001 | 32363 | ||
| 003 | ES-MaACL | ||
| 005 | 20231222171839.0 | ||
| 007 | t| | ||
| 008 | 030131s1984 sp ||||1| spa d | ||
| 100 | 1 |
_aBenito de Lucas, Joaquín. _927672 |
|
| 245 | 1 | 0 |
_aAntología poética / _cJ. Benito de Lucas ; prólogo de José Hierro ; ilustraciones de Ricardo Zamorano ; [selección por José Siles Artés]. |
| 260 |
_aMadrid : _bINDEC, _c[1984] |
||
| 300 |
_a91 p. : _bil. ; _c24 cm. |
||
| 490 | 1 |
_aColección "El marco naranja" ; _v8 |
|
| 700 | 1 |
_aHierro, José, _d1922-2002 _963619 |
|
| 700 | 1 |
_aZamorano, Ricardo. _9117958 |
|
| 700 | 1 |
_aSiles Artés, José, _d1930- _9106341 |
|
| 830 | 0 |
_aColección "El marco naranja" ; _v8 _9182369 |
|
| 852 |
_aES-MaACL _jL-6515 _bR.107065 |
||
| 999 |
_c32363 _d32363 |
||